000 00852nam a22001697a 4500
003 OSt
005 20251127084857.0
008 251127b |||||||| |||| 00| 0 eng d
040 _cDCL
082 _a၂၉၄.၃၈၂၃၅၅
130 _aတိပိဋက။
_pသုတ္တန္တပိဋက။
_pခုဒ္ဒကနိကာယ။
_tပဋိသမ္ဘိဒါမဂ္ဂ၊
_lအဋ္ဌကထာ။
245 _aပဋိသမ္ဘိဒါမဂ္ဂဋ္ဌကထာ၊
_nပထမတွဲ။
264 _aရန်ကုန် ၊
_bသာသနာရေးဦးစီး၊
_c၂၀၀၄။
300 _a၄၀၁ စာမျက်နှာ ၊
_c၂၅ စင်တီ။
650 _aပဋိသမ္ဘိဒါမဂ္ဂ
_vအဋ္ဌကထာ။
942 _2ddc
_cSHORT TERM
_n0
999 _c2637
_d2637